Familia y amor (Registro nro. 11235)

Detalles MARC
000 -LIDER
fixed length control field 01139cam a2200361 i 4500
001 - NÚMERO DE CONTROL
Identificador de número de control 0000629
003 - IDENTIFICACDOR DE NÚMERO DE CONTROL
control field DO-SdBNP
005 - DATE AND TIME OF LATEST TRANSACTION
control field 20171109091104.0
007 - CAMPOS FIJOS DE DESCRIPCIÓN FÍSICA
fixed length control field 0000629
008 - ELEMENTOS DE LONGITUD FIJA
fixed length control field 100514s 2008 sp | |||| 000 f spa
015 ## - NÚMERO DENTRO DE LA BIBLIOGRAFÍA NACIONAL
National bibliography number
017 ## - NÚMERO DE REGISTRO DE DERECHOS DE AUTOR
Copyright or legal deposit number
Assigning agency
020 ## - ISBN
International Standard Book Number 9788430606559
035 ## - NÚMERO LOCAL
System control number
040 ## - FUENTE DE CATALOGACIÓN
Agencia que crea de manera original el registro BPMSU
Idioma de catalogación spa
Agencia que realiza la transcripción BPMSU
Convenciones de la despripción
080 ## - NÚMERO DE CLASIFICACIÓN DECIMAL UNIVERSAL
Universal Decimal Classification number
092 ## - LOCALLY ASSIGNED DEWEY DECIMAL CALL NUMBER
Número de clasificación 306.85
Número de ítem (Cutter) F399f
100 1# - ASIENTO PRINCIPAL -- NOMBRE PERSONAL
Nombre personal Ferry, Luc
Fechas asociadas con el nombre 1951-
240 10 - TITULO UNIFORME
Título uniforme Familles, je vous aime, politique et vie privée à l´âge de la mondialisation
245 10 - MENCIÓN DE TITULO
Título Familia y amor
Subtítulo un alegato a favor de la vida privada /
Mención de responsabilidad Luc Ferry ; traducción Sandra Chaparro Martínez
260 ## - PUBLICACIÓN, DISTRIBUCIÓN, ETC. (PIE DE IMPRENTA)
Lugar de publicación, distribución, etc Madrid:
Nombre del editor, distribuidor, etc. Taurus,
-- Santillana ediciones generales,
Fecha de publicación, distribución, etc 2008.
300 ## - DESCRIPCIÓN FÍSICA
Extensión 162 p.:
Dimensiones 22 cm
490 ## - MENCIÓN DE SERIES
Mención de serie Pensamiento
500 ## - NOTA GENERAL
Nota general Incluye datos biográficos del autor en la solapa de la cubierta
650 #4 - ENCABEZAMIENTO DE MATERIA--TEMÁTICO
Término temático o nombre geográfico como elemento de entrada FAMILIA
Subdivisión temática general FILOSOFÍA
651 ## - ENCABEZAMIENTO DE MATERIA--NOMBRE GEOGRÁFICO
Subdivisión temática general FILOSOFIA
700 12 - ASIENTO SECUNDARIO -- NOMBRE PERSONAL
Nombre personal Chaparro Martínez, Sandra
Mención de responsabilidad trad.
830 #0 - ASIENTO SECUNDARIO DE SERIE--TÍTULO UNIFORME
Título uniforme Pensamiento
910 ## - VALIDACIÓN
Validación Validado. Control de calidad MFF
942 ## - ADDED ENTRY ELEMENTS (KOHA)
Source of classification or shelving scheme Dewey Decimal Classification
Koha item type Libros
945 ## - INFORMACIÓN DE PROCESAMIENTO LOCAL
Información de procesamiento local Inventariado extranjero / 2017 VM
956 ## - LOCAL ELECTRONIC LOCATION AND ACCESS (OCLC)
Nombre de host YLOCKWARD
Campo enlazado y núm. de secuencia 10
Información de compresión BPMSU
Existencias
Withdrawn status Lost status Source of classification or shelving scheme Damaged status Not for loan Collection code Home library Current library Date acquired Source of acquisition Total Checkouts Full call number Barcode Date last seen Price effective from Koha item type Copy number
    Dewey Decimal Classification     Colección General Biblioteca Pública Metropolitana Salomé Ureña Biblioteca Pública Metropolitana Salomé Ureña 08/30/2016 Alfaguara   306.85 F399f BPMSU16080306 08/30/2016 08/30/2016 Libros  
    Dewey Decimal Classification     Colección General Biblioteca Pública Metropolitana Salomé Ureña Biblioteca Pública Metropolitana Salomé Ureña 08/30/2016 Alfaguara   306.85 F399f BPMSU16080307 08/30/2016 08/30/2016 Libros e. 2
    Dewey Decimal Classification     Colección General Biblioteca Pública Metropolitana Salomé Ureña Biblioteca Pública Metropolitana Salomé Ureña 08/30/2016 Alfaguara   306.85 F399f BPMSU16080308 08/30/2016 08/30/2016 Libros e. 3